| 000 | 01414nam a2200373 i 4500 | ||
|---|---|---|---|
| 001 | 197774 | ||
| 003 | ES-MaACL | ||
| 005 | 20250904063114.0 | ||
| 008 | 250801s2001 sp | ||| ||spa | ||
| 016 | 7 |
_abimoBNE20010483106 _2SpMaBN |
|
| 017 |
_aM 606-2001 _bOficina Depósito Legal Madrid |
||
| 020 | _a8436815416 | ||
| 035 | _a(OCoLC)434045553 | ||
| 035 | _a(SpMaBN)bimo0001678706 | ||
| 040 |
_aSpMaBN _bspa _cSpMaBN _erdc |
||
| 080 | _a37.064.3 | ||
| 080 | _a364.271-057.87 | ||
| 100 | 1 |
_aCerezo Ramírez, Fuensanta _9241510 _eaut |
|
| 245 | 1 | 3 |
_aLa violencia en las aulas : _banálisis y propuestas de intervención / _cFuensanta Cerezo Ramírez. |
| 260 |
_aMadrid : _bPirámide, _c[2001]. |
||
| 300 |
_a165 páginas ; _c20 cm. |
||
| 336 |
_2rdacontent _atexto |
||
| 337 |
_2rdamedia _asin mediación |
||
| 338 |
_2rdacarrier _avolumen |
||
| 490 | 1 | _aColección "Ojos solares". Sección Tratamiento | |
| 650 | 4 |
_aViolencia en la escuela _2embne _917820 |
|
| 650 | 0 |
_aAcoso moral en la escuela _2embne _9237672 |
|
| 852 |
_aES-MaACL _cDEPOJ _jN-10640 _hDonación: José Lázaro García _xEncuadernación rústica _9206763 |
||
| 903 |
_9234219 _aLázaro García, José _ednr |
||
| 942 |
_n0 _cMONOGRAFIA |
||
| 999 |
_c197774 _d197774 |
||